The last kids on earth an the zombie parade / (Record no. 49674)
| 000 -LEADER | |
|---|---|
| fixed length control field | 00457nam a2200145 4500 |
| 020 ## - INTERNATIONAL STANDARD BOOK NUMBER | |
| International Standard Book Number | 9780670016624 |
| 100 ## - MAIN ENTRY--PERSONAL NAME | |
| Personal name | Brallier, Max |
| 9 (RLIN) | 84216 |
| 245 ## - TITLE STATEMENT | |
| Title | The last kids on earth an the zombie parade / |
| Statement of responsibility, etc | Max Brallier and Douglas Holgate. |
| 260 ## - PUBLICATION, DISTRIBUTION, ETC. (IMPRINT) | |
| Place of publication, distribution, etc | New York: |
| Name of publisher, distributor, etc | Viking; |
| Date of publication, distribution, etc | 2016. |
| 300 ## - PHYSICAL DESCRIPTION | |
| Extent | 291 p. |
| Other physical details | ill. |
| Dimensions | 22 cm. |
| 490 ## - SERIES STATEMENT | |
| Series statement | The last kids on earth; 2 |
| 650 ## - SUBJECT ADDED ENTRY--TOPICAL TERM | |
| Topical term or geographic name as entry element | Zombies. |
| Form subdivision | Fiction. |
| 700 ## - ADDED ENTRY--PERSONAL NAME | |
| Relator code | illustrator |
| Personal name | Douglas Holgate. |
| 9 (RLIN) | 86190 |
| 942 ## - ADDED ENTRY ELEMENTS (KOHA) | |
| Source of classification or shelving scheme | |
| Koha item type | Book |
| Withdrawn status | Lost status | Source of classification or shelving scheme | Damaged status | Not for loan | Collection code | Home library | Current library | Shelving location | Date acquired | Total Checkouts | Total Renewals | Full call number | Barcode | Date last seen | Date checked out | Price effective from | Koha item type |
|---|---|---|---|---|---|---|---|---|---|---|---|---|---|---|---|---|---|
| SECONDARY | Asian Hope Secondary Library | Asian Hope Secondary Library | Junior Fiction | 10/27/2025 | 1 | 1 | J FIC BRA BK.2 | 208774 | 02/10/2026 | 01/20/2026 | 10/27/2025 | Book |